| 000 | 01244cam a22002894a 4500 | ||
|---|---|---|---|
| 005 | 20230713090614.0 | ||
| 008 | 020826s2002 inua 001 0 eng | ||
| 010 | _a 2002013836 | ||
| 020 | _a0471250848 (pbk. : alk. paper) | ||
| 040 |
_aDLC _cDLC _dDLC |
||
| 042 | _apcc | ||
| 050 | 0 | 0 |
_aTK5105.568 _b.G73 2002 |
| 082 | 0 | 0 |
_a004.65 _221 _bGRA-M |
| 100 | 1 |
_aGradecki, Joe, _d1967- |
|
| 245 | 1 | 0 |
_aMastering JXTA : _bbuilding Java peer-to-peer applications / _cJoseph D. Gradecki. |
| 260 |
_aIndianapolis, Ind. : _bWiley Pub., _cc2002. |
||
| 300 |
_axxxi, 491 p. : _bill. ; _c24 cm. |
||
| 500 | _aIncludes index. | ||
| 650 | 0 | _aJXTA (Computer network protocol) | |
| 650 | 0 | _aPeer-to-peer architecture (Computer networks) | |
| 856 | 4 | 2 |
_3Contributor biographical information _uhttp://www.loc.gov/catdir/bios/wiley044/2002013836.html |
| 856 | 4 | 2 |
_3Publisher description _uhttp://www.loc.gov/catdir/description/wiley037/2002013836.html |
| 856 | 4 | 1 |
_3Table of contents _uhttp://www.loc.gov/catdir/toc/wiley031/2002013836.html |
| 906 |
_a7 _bcbc _corignew _d1 _eecip _f20 _gy-gencatlg |
||
| 999 |
_c25948 _d25948 |
||